Statistics for Yangtze River City Map Quiz 长江沿岸城市

Click here to take the quiz!

General Stats

  • This quiz has been taken 530 times
  • The average score is 12 of 23

Answers on the Map

Answers color-coded by a green-red scale on the quiz's map according to % correct below.
 

Answer Stats

Answer% Correct
Shanghai 上海
73%
Panzhihua 攀枝花
69%
Chongqing 重庆
66%
Nanjing 南京
63%
Nantong 南通
62%
Wuhan 武汉
61%
Yichang 宜昌
60%
Luzhou 泸州
57%
Yibin 宜宾
56%
Wanzhou 万州
55%
Ma'anshan 马鞍山
54%
Jiangyin 江阴
53%
Jingzhou 荆州
53%
Zhenjiang 镇江
51%
Anqing 安庆
49%
Jiujiang 九江
49%
Huangshi 黄石
48%
Chizhou 池州
47%
Yueyang 岳阳
47%
Wuhu 芜湖
45%
Ezhou 鄂州
43%
Tongling 铜陵
42%
Huanggang 黄冈
38%

Score Distribution

Percentile by Number Answered

Percent of People with Each Score

Your Score History

You have not taken this quiz